Maṭāliʻ al-anwār : Tārīkh al-Nabīl ʻan waqāʼiʻ al-ayyām al-ūlá lil-amr al-Bahāʼī /

محفوظ في:

مؤلفون آخرون: Rabbānī, Shawqī Affandī.

التنسيق: كتاب

اللغة: Arabic

منشور في: Cairo : al-Mahfal al-Rawhani, 1940.

الموضوعات:

الوسوم: إضافة وسم

لا توجد وسوم, كن أول من يضع وسما على هذه التسجيلة!

رقم الطلب: BP330 .N3125 1940

LEADER 00956nam a22002057a 4500
005 20251215131929.0
008 251215t1940 ua 000 0 araod
040 |c ARCE Library 
050 1 4 |a BP330  |b .N3125 1940 
245 |a Maṭāliʻ al-anwār :   |b Tārīkh al-Nabīl ʻan waqāʼiʻ al-ayyām al-ūlá lil-amr al-Bahāʼī /   |c hadhdhabahu wa-tarjamahu min al-lughah al-Fārisīyah ilá al-Lughah al-Inglīzīyah Shawqī Affandī Rabbānī. 
246 |a مطالع الانوار :   |b تاريخ النبيل عن وقائع الايام الأولى للامر البهائي 
260 |a Cairo :   |b al-Mahfal al-Rawhani,   |c 1940. 
300 |a 552 pages :   |b ill. ;   |c 25 cm. 
546 |a Arabic. In Arabic, translated from the English translation of the original in Persian. 
600 0 0 |a Baháʼuʼlláh,   |d 1817-1892. 
650 0 |a Bahai Faith   |x History. 
650 0 |a Babism. 
700 1 |a Rabbānī, Shawqī Affandī. 
942 |2 lcc  |c BK 
999 |c 49229  |d 49229